[Event "4th Budapest Open"]
[Site "Budapest, Hungary"]
[Date "2014.08.18"]
[Round "3.30"]
[White "Di Giovanni, Vilmos"]
[Black "Toth, Nikoletta"]
[Result "1-0"]
[WhiteElo "1784"]
[BlackElo "1193"]
[PlyCount "120"]
[EventDate "2014.??.??"]

1. d4 Nf6 2. Nf3 d5 3. Bf4 c5 4. e3 e6 5. Nbd2 Nc6 6. c3 Qb6 7. Rb1 Bd7 8. Bd3
c4 9. Bc2 Qa6 10. a3 b5 11. O-O Qb7 12. Ne5 Be7 13. Ndf3 h6 14. Nxc6 Bxc6 15.
Ne5 a6 16. h4 Rg8 17. Qf3 Rh8 18. g4 Qb6 19. Nxf7 Kxf7 20. g5 hxg5 21. hxg5
Rag8 22. gxf6 gxf6+ 23. Bg3 Bd6 24. Kg2 Rg7 25. Rh1 Rhg8 26. Rh7 Rxh7 27. Bxh7
Rg7 28. Rh1 Qb8 29. Qh5+ Ke7 30. f4 Be8 31. Qh6 Rf7 32. Bh4 Bd7 33. Bg6 Rf8 34.
Qg7+ Kd8 35. Bxf6+ Kc7 36. Rh7 Qc8 37. Bf7 Kc6 38. Kf3 Kb6 39. Qg5 Qc6 40. Be7
Bxe7 41. Qxe7 Rc8 42. Rh6 Rc7 43. Bxe6 Ka5 44. Qb4+ Kb6 45. Qc5+ Ka5 46. Qxc6
Rxc6 47. f5 Ka4 48. e4 dxe4+ 49. Kxe4 Kb3 50. d5 Rb6 51. Rh2 Be8 52. Kd4 a5 53.
Kc5 Ra6 54. d6 b4 55. axb4 axb4 56. Bxc4+ Ka4 57. Bxa6 bxc3 58. bxc3 Bd7 59.
Bc4 Ka5 60. Ra2+ Ba4 1-0

[Event "4th Budapest Open"]
[Site "Budapest, Hungary"]
[Date "2014.08.18"]
[Round "3.31"]
[White "Czipp, Janos"]
[Black "Lakatos, Tamas"]
[Result "0-1"]
[WhiteElo "1382"]
[BlackElo "1555"]
[PlyCount "98"]
[EventDate "2014.??.??"]

1. Nf3 Nf6 2. c4 g6 3. d4 Bg7 4. Qc2 d5 5. e3 Bf5 6. Bd3 Bxd3 7. Qxd3 O-O 8.
O-O Nc6 9. a3 Re8 10. Re1 e5 11. Nxe5 Nxe5 12. dxe5 Rxe5 13. Rf1 Qe7 14. Nd2
Rd8 15. Nf3 Re6 16. Ra2 Red6 17. c5 R6d7 18. b4 Qe4 19. Qe2 Ng4 20. Bb2 Bxb2
21. Rxb2 Ne5 22. Nxe5 Qxe5 23. Rd2 Kf8 24. Qf3 c6 25. Rd4 Re8 26. Qh3 f5 27. e4
Ree7 28. Qf3 Kg8 29. Qe3 fxe4 30. Re1 Qf6 31. Rd2 Rf7 32. Rde2 Qf4 33. Qd4 Rde7
34. f3 exf3 35. Qxf4 Rxf4 36. Rxe7 f2+ 37. Kf1 fxe1=Q+ 38. Kxe1 Rf7 39. Re3 Kg7
40. Ke2 Kf6 41. Rf3+ Ke6 42. Re3+ Kd7 43. g3 Re7 44. Kd3 Rxe3+ 45. Kxe3 Ke6 46.
Kf4 h6 47. g4 g5+ 48. Ke3 Ke5 49. h3 d4+ 0-1

[Event "4th Budapest Open"]
[Site "Budapest, Hungary"]
[Date "2014.08.18"]
[Round "3.33"]
[White "Szabo, Miklos Istvan"]
[Black "Toth, Viktor"]
[Result "1/2-1/2"]
[WhiteElo "1321"]
[BlackElo "1530"]
[PlyCount "84"]
[EventDate "2014.??.??"]

1. e4 e5 2. Nf3 Nc6 3. Bb5 a6 4. Ba4 Nf6 5. d3 b5 6. Bb3 d5 7. Qe2 dxe4 8. dxe4
Bg4 9. c3 Bc5 10. O-O O-O 11. Rd1 Qe7 12. Bg5 Rad8 13. Nbd2 Rd6 14. h3 Bh5 15.
Nf1 h6 16. Bxf6 Qxf6 17. g4 Bg6 18. Ng3 Qf4 19. Kg2 Rfd8 20. Rd5 Bxe4 21. Rxd6
Qxf3+ 22. Qxf3 Bxf3+ 23. Kxf3 Bxd6 24. Ke4 Bc5 25. f3 Rd2 26. Bd5 Ne7 27. Bb7
a5 28. Rb1 Bd6 29. h4 b4 30. cxb4 Rd4+ 31. Ke3 Rxb4 32. Ba8 c6 33. Ne4 Bc7 34.
Nc5 Bb6 35. Rc1 Rxb2 36. Ke4 Bxc5 37. Rxc5 Rxa2 38. Kxe5 a4 39. Bxc6 Nxc6+ 40.
Rxc6 Re2+ 41. Kf4 Re6 42. Rc8+ Kh7 1/2-1/2

[Event "4th Budapest Open"]
[Site "Budapest, Hungary"]
[Date "2014.08.19"]
[Round "4.1"]
[White "Kormos, Adam"]
[Black "Szabolcsi, Janos"]
[Result "1-0"]
[WhiteElo "2144"]
[BlackElo "2324"]
[PlyCount "57"]
[EventDate "2014.??.??"]

1. e4 c5 2. Nf3 Nc6 3. d4 cxd4 4. Nxd4 Qc7 5. Nc3 e6 6. g3 a6 7. Bg2 Nf6 8. O-O
Bc5 9. Bf4 e5 10. Nb3 exf4 11. Nxc5 fxg3 12. hxg3 d6 13. Nd3 Bg4 14. Nd5 Nxd5
15. Qxg4 Nb6 16. Qxg7 O-O-O 17. a4 a5 18. b4 axb4 19. a5 Nc4 20. a6 Rhg8 21.
Qxh7 bxa6 22. Rxa6 N4e5 23. Rfa1 b3 24. Nxe5 dxe5 25. cxb3 Kb7 26. b4 Ra8 27.
b5 Nd4 28. Bf1 Qe7 29. Qxg8 1-0

[Event "4th Budapest Open"]
[Site "Budapest, Hungary"]
[Date "2014.08.19"]
[Round "4.2"]
[White "Gal, Tamas"]
[Black "Zentai, Peter"]
[Result "1-0"]
[WhiteElo "2254"]
[BlackElo "2236"]
[PlyCount "75"]
[EventDate "2014.??.??"]

1. d4 Nf6 2. Nf3 e6 3. c4 b6 4. Bg5 Bb7 5. e3 Be7 6. Bd3 h6 7. Bh4 O-O 8. O-O
d5 9. Nc3 c5 10. dxc5 bxc5 11. cxd5 exd5 12. Rc1 Nbd7 13. Qe2 Qa5 14. Rfd1 Rfd8
15. e4 d4 16. Nb5 a6 17. Na3 Re8 18. Nc4 Qc7 19. Bg3 Qd8 20. Re1 Nh5 21. Bc2
Nxg3 22. hxg3 a5 23. e5 Nf8 24. Nfd2 Qc7 25. f4 Bd5 26. Nf3 Qb7 27. Qd3 Bxc4
28. Qxc4 Qxb2 29. Bb3 Ne6 30. f5 Nd8 31. Qb5 Kf8 32. f6 Bxf6 33. exf6 Ne6 34.
Rc2 Qa3 35. Bxe6 d3 36. Qxc5+ Qxc5+ 37. Rxc5 gxf6 38. Bb3 1-0

[Event "4th Budapest Open"]
[Site "Budapest, Hungary"]
[Date "2014.08.19"]
[Round "4.3"]
[White "Bodi, Tibor"]
[Black "Balint, Vilmos"]
[Result "1-0"]
[WhiteElo "2165"]
[BlackElo "2187"]
[PlyCount "81"]
[EventDate "2014.??.??"]

1. d4 f5 2. c4 g6 3. Nc3 Nf6 4. h4 d6 5. h5 Nxh5 6. Rxh5 gxh5 7. e4 Be6 8. Be2
Qd7 9. d5 Bf7 10. Bxh5 Bg6 11. Nh3 Na6 12. exf5 Qxf5 13. Bg4 Qe5+ 14. Kf1 Bg7
15. Bf4 Qd4 16. Qa4+ c6 17. dxc6 O-O 18. cxb7 Rae8 19. Be6+ Kh8 20. Qxa6 Rxf4
21. Nxf4 Qxf4 22. Qc6 d5 23. g3 Qf8 24. Bxd5 Bd4 25. Bf3 e5 26. Nb5 Bd3+ 27.
Kg2 Bb6 28. Nd6 Rd8 29. c5 e4 30. Nxe4 Bxe4 31. Qxe4 Qxc5 32. Rf1 Rg8 33. b4
Qc7 34. Qc6 Qg7 35. Qc8 Bc7 36. Bd5 Rf8 37. Rc1 Bd8 38. b8=Q Rxf2+ 39. Kg1 Qd4
40. Qxd8+ Rf8+ 41. Kh1 1-0

[Event "4th Budapest Open"]
[Site "Budapest, Hungary"]
[Date "2014.08.19"]
[Round "4.4"]
[White "Ruck, Robert"]
[Black "Metaxasz, Vaszilisz"]
[Result "1/2-1/2"]
[WhiteElo "2027"]
[BlackElo "2062"]
[PlyCount "38"]
[EventDate "2014.??.??"]

1. e4 d6 2. d4 Nf6 3. Nc3 e5 4. dxe5 dxe5 5. Qxd8+ Kxd8 6. Bg5 Be6 7. f4 exf4
8. e5 h6 9. Bxf6+ gxf6 10. exf6 Bb4 11. O-O-O+ Nd7 12. Nge2 Kc8 13. Nxf4 Bxc3
14. Nxe6 Bxf6 15. Nd4 c6 16. Bc4 Ne5 17. Bb3 Ng4 18. Rhe1 Bg5+ 19. Kb1 Nf2
1/2-1/2

[Event "4th Budapest Open"]
[Site "Budapest, Hungary"]
[Date "2014.08.19"]
[Round "4.5"]
[White "Lam, Daniel King-wai"]
[Black "Zoldy, Robert"]
[Result "1/2-1/2"]
[WhiteElo "2114"]
[BlackElo "2029"]
[PlyCount "94"]
[EventDate "2014.??.??"]

1. e4 e5 2. Nf3 Nc6 3. Bb5 a6 4. Ba4 Nf6 5. O-O Nxe4 6. d4 b5 7. Bb3 d5 8. dxe5
Be6 9. Nbd2 Nc5 10. c3 Be7 11. Bc2 d4 12. cxd4 Nxd4 13. Nxd4 Qxd4 14. Nf3 Qxd1
15. Rxd1 O-O 16. Ng5 h6 17. Nxe6 Nxe6 18. Be3 Rad8 19. Rxd8 Rxd8 20. Rd1 Rxd1+
21. Bxd1 Bc5 22. Bxc5 Nxc5 23. Bc2 g5 24. g3 f6 25. b4 Ne6 26. Bb3 Kf7 27. f4
gxf4 28. gxf4 Ke7 29. exf6+ Kxf6 30. Bxe6 Kxe6 31. Kf2 c5 32. bxc5 Kd5 33. Ke3
Kxc5 34. Ke4 Kd6 35. Kd4 h5 36. f5 h4 37. f6 Ke6 38. Kc5 Kxf6 39. Kb6 Kf5 40.
Kxa6 Kg4 41. Kxb5 Kh3 42. a4 Kxh2 43. a5 Kg1 44. a6 h3 45. a7 h2 46. a8=Q h1=Q
47. Qxh1+ Kxh1 1/2-1/2

[Event "4th Budapest Open"]
[Site "Budapest, Hungary"]
[Date "2014.08.19"]
[Round "4.6"]
[White "Juhasz, Mark"]
[Black "Mester, Attila"]
[Result "0-1"]
[WhiteElo "2210"]
[BlackElo "2006"]
[PlyCount "70"]
[EventDate "2014.??.??"]

1. b3 Nf6 2. Bb2 g6 3. e4 d6 4. f4 Bg7 5. Nf3 O-O 6. d3 c5 7. g3 Nc6 8. Bg2 Rb8
9. O-O b5 10. a4 a6 11. axb5 axb5 12. Qe2 Qb6 13. Kh1 Bg4 14. Nc3 Nd4 15. Qf2
Bxf3 16. Bxf3 e6 17. Ra2 Rfc8 18. Rfa1 Qd8 19. Nd1 Nd7 20. b4 Nxf3 21. Qxf3
cxb4 22. Bxg7 Kxg7 23. Qe3 Qf6 24. Qd2 e5 25. Ne3 exf4 26. Nd5 Qd4 27. gxf4 b3
28. cxb3 Nc5 29. Rd1 Nxb3 30. Qg2 Rc1 31. Rxc1 Nxc1 32. Ne7 Qc3 33. Rd2 Nxd3
34. Rxd3 Qxd3 35. Qb2+ Kf8 0-1

[Event "4th Budapest Open"]
[Site "Budapest, Hungary"]
[Date "2014.08.19"]
[Round "4.7"]
[White "Csala, Imre"]
[Black "Horvath, Dominik"]
[Result "1-0"]
[WhiteElo "2175"]
[BlackElo "2004"]
[PlyCount "79"]
[EventDate "2014.??.??"]

1. d4 Nf6 2. Nf3 g6 3. c4 Bg7 4. Nc3 O-O 5. e4 d6 6. Be2 e5 7. O-O Nc6 8. d5
Ne7 9. c5 Ne8 10. b4 h6 11. Nd2 f5 12. Nc4 Nf6 13. f3 f4 14. Ba3 g5 15. b5 Ne8
16. b6 axb6 17. cxd6 Nxd6 18. Nxd6 cxd6 19. Nb5 Rf6 20. Qb3 Ng6 21. Rfc1 Bd7
22. Nc7 Nh4 23. Nxa8 Qxa8 24. Rc7 Qe8 25. Rac1 Bf8 26. Qxb6 g4 27. Qf2 Ng6 28.
Rxb7 Kh8 29. Qa7 Rf7 30. Rcc7 gxf3 31. Bxf3 Nh4 32. Rxd7 Rxd7 33. Rxd7 Qg6 34.
Qf2 Qg5 35. Bxd6 Bxd6 36. Rxd6 Ng6 37. Qb6 Qh4 38. Rd8+ Kh7 39. Rd7+ Ne7 40.
Qb4 1-0

[Event "4th Budapest Open"]
[Site "Budapest, Hungary"]
[Date "2014.08.19"]
[Round "4.8"]
[White "Bihari, Mihaly"]
[Black "Nagy, Aron"]
[Result "1-0"]
[WhiteElo "2005"]
[BlackElo "2145"]
[PlyCount "85"]
[EventDate "2014.??.??"]

1. c4 f5 2. Nf3 Nf6 3. Nc3 g6 4. d4 Bg7 5. g3 O-O 6. Bg2 d6 7. O-O Qe8 8. Bg5
c6 9. Qd2 Ne4 10. Nxe4 fxe4 11. Nh4 d5 12. Bh6 Be6 13. Bxg7 Kxg7 14. cxd5 cxd5
15. f3 exf3 16. Nxf3 Nc6 17. Qe3 Qd7 18. Rac1 Qd6 19. a3 Bf5 20. Qb3 Na5 21.
Qc3 Nc4 22. Nd2 Nxd2 23. Qxd2 Rac8 24. Rxc8 Rxc8 25. Rc1 Rxc1+ 26. Qxc1 e5 27.
Qc5 Qxc5 28. dxc5 Be6 29. Kf2 Kf6 30. e3 Ke7 31. Bf1 Kd7 32. Bb5+ Kc7 33. Ke1
b6 34. cxb6+ Kxb6 35. Be2 d4 36. Kd2 Kc5 37. Ba6 Bc4 38. b4+ Kd5 39. e4+ Kxe4
40. Bxc4 Kf3 41. a4 e4 42. Be2+ Kf2 43. b5 1-0

[Event "4th Budapest Open"]
[Site "Budapest, Hungary"]
[Date "2014.08.19"]
[Round "4.9"]
[White "Heyl, Thomas"]
[Black "Markos, Adam"]
[Result "0-1"]
[WhiteElo "2001"]
[BlackElo "2135"]
[PlyCount "40"]
[EventDate "2014.??.??"]

1. c4 c5 2. g3 Nf6 3. Bg2 d5 4. cxd5 Nxd5 5. Nc3 Nxc3 6. bxc3 Nc6 7. Nf3 e5 8.
Qc2 Be7 9. O-O O-O 10. Bb2 Bg4 11. Rfd1 Rc8 12. Qa4 Qd7 13. d4 b5 14. Qa6 exd4
15. cxd4 Nb4 16. Qa5 Bd8 17. Qa3 Nc2 18. Ne5 Qe6 19. d5 Qxe5 20. Qb3 Nxa1 0-1

[Event "4th Budapest Open"]
[Site "Budapest, Hungary"]
[Date "2014.08.19"]
[Round "4.10"]
[White "Gal, Janos"]
[Black "Torok, Tamas Titusz"]
[Result "0-1"]
[WhiteElo "1948"]
[BlackElo "2090"]
[PlyCount "68"]
[EventDate "2014.??.??"]

1. d4 Nf6 2. c4 g6 3. Nc3 Bg7 4. g3 d6 5. Bg2 O-O 6. Nf3 Nc6 7. Bg5 h6 8. Bd2
e5 9. d5 Ne7 10. e4 Ne8 11. Nh4 f5 12. exf5 gxf5 13. Qh5 Nf6 14. Qe2 a6 15. Bh3
b5 16. b3 b4 17. Nd1 a5 18. a3 bxa3 19. Rxa3 c6 20. dxc6 Qb6 21. b4 Nxc6 22.
bxa5 Qc5 23. Qf3 Ne4 24. Qd3 Nxd2 25. Kxd2 Nxa5 26. Ne3 f4 27. Bxc8 fxe3+ 28.
Kd1 Raxc8 29. Ng6 Rf7 30. Qxe3 Nxc4 31. Qxc5 Rxc5 32. Ra8+ Kh7 33. Nh4 Rxf2 34.
Ra7 Nb2+ 0-1

[Event "4th Budapest Open"]
[Site "Budapest, Hungary"]
[Date "2014.08.19"]
[Round "4.11"]
[White "Juhasz, Bela"]
[Black "Bodrogi, Laszlo"]
[Result "0-1"]
[WhiteElo "2087"]
[BlackElo "1956"]
[PlyCount "110"]
[EventDate "2014.??.??"]

1. d4 e6 2. c4 Nf6 3. Nf3 b6 4. a3 Ba6 5. Qc2 c5 6. d5 exd5 7. cxd5 Be7 8. Nc3
O-O 9. g3 Re8 10. Bg2 d6 11. O-O Nbd7 12. h3 Bf8 13. Re1 c4 14. Nd4 Qc8 15. Bf4
Nh5 16. Bd2 Qc5 17. Ne4 Qxd4 18. Bc3 Qxd5 19. Nf6+ Nhxf6 20. Bxd5 Nxd5 21. Bd4
Nc7 22. Rad1 Ne6 23. Bc3 Ndc5 24. Qf5 Bb7 25. f3 Rad8 26. h4 g6 27. Qg4 h5 28.
Qxc4 d5 29. Qa2 d4 30. Bd2 d3 31. e4 Nd4 32. Kf2 Nc2 33. Rf1 Nxe4+ 34. fxe4
Rxe4 35. Rfe1 Bc5+ 36. Kf1 Nxe1 37. Rxe1 Rxe1+ 38. Kxe1 Re8+ 39. Kd1 Bf3+ 40.
Kc1 Bg4 41. Qd5 Rc8 42. Kb1 Bf5 43. Ka1 Bf8 44. g4 hxg4 45. h5 Rc5 46. Qd4 gxh5
47. Bc3 Rxc3 48. bxc3 Bh6 49. Qd8+ Kh7 50. Qd5 Bg6 51. Kb2 d2 52. Qd3 g3 53. a4
h4 54. Kb3 h3 55. a5 h2 0-1

[Event "4th Budapest Open"]
[Site "Budapest, Hungary"]
[Date "2014.08.19"]
[Round "4.12"]
[White "Rinyu, Janos"]
[Black "Bodrogi, Mihaly"]
[Result "0-1"]
[WhiteElo "1896"]
[BlackElo "2081"]
[PlyCount "60"]
[EventDate "2014.??.??"]

1. d4 c5 2. dxc5 e6 3. Nc3 Bxc5 4. Ne4 Nf6 5. Nxc5 Qa5+ 6. Bd2 Qxc5 7. Bc3 Nc6
8. e3 d5 9. Nf3 O-O 10. Bxf6 gxf6 11. c3 Ne5 12. Nxe5 fxe5 13. Qh5 f6 14. Bd3
Rf7 15. h4 Qe7 16. f3 Bd7 17. Qg4+ Rg7 18. Qh3 Qc5 19. Ke2 e4 20. fxe4 dxe4 21.
Bc2 Qb5+ 22. Kf2 Qxb2 23. Rhc1 e5 24. Qh2 Kh8 25. Rab1 Qxa2 26. Rxb7 Qd5 27.
Rbb1 Qd2+ 28. Kg1 Rag8 29. Bxe4 Qxe3+ 30. Kh1 Qxe4 0-1

[Event "4th Budapest Open"]
[Site "Budapest, Hungary"]
[Date "2014.08.19"]
[Round "4.13"]
[White "Molnar, Laszlo"]
[Black "Bartuszek, Andras"]
[Result "1-0"]
[WhiteElo "2067"]
[BlackElo "1884"]
[PlyCount "80"]
[EventDate "2014.??.??"]

1. e4 c5 2. b3 d6 3. Bb2 Nc6 4. Bb5 Bd7 5. Ne2 a6 6. Bxc6 Bxc6 7. d3 Nf6 8. O-O
Qd7 9. Nd2 b5 10. Ng3 e6 11. f4 Be7 12. Nh5 Nxh5 13. Qxh5 g6 14. Qe2 Rg8 15. c4
f5 16. d4 Bf6 17. e5 Be7 18. d5 exd5 19. cxd5 Bxd5 20. exd6 Qxd6 21. Rfe1 Ra7
22. Be5 Qe6 23. Rad1 Kf7 24. Nf3 Be4 25. Rd6 Qc8 26. Ng5+ Bxg5 27. fxg5 Re8 28.
Bf6 c4 29. Qf2 Rd7 30. Red1 Bd3 31. Qd4 Rxd6 32. Qxd6 Re6 33. Qd4 Qc7 34. bxc4
bxc4 35. Qc3 Qd7 36. Kh1 Kg8 37. h3 Qf7 38. Qb4 Qc7 39. Ba1 Qe7 40. Qc3 Qxg5 $1
1-0

[Event "4th Budapest Open"]
[Site "Budapest, Hungary"]
[Date "2014.08.19"]
[Round "4.14"]
[White "Ats, Laszlo Gyorgy"]
[Black "Pakh, Alex"]
[Result "1/2-1/2"]
[WhiteElo "2062"]
[BlackElo "1883"]
[PlyCount "39"]
[EventDate "2014.??.??"]

1. d4 d5 2. Bf4 Nf6 3. e3 c5 4. c3 Nc6 5. Nd2 cxd4 6. exd4 Bf5 7. Ngf3 e6 8.
Be2 Be7 9. h4 h6 10. Ne5 Ne4 11. h5 Bg5 12. g3 Nxe5 13. dxe5 O-O 14. f3 Bxf4
15. gxf4 Ng3 16. Rh2 Qb6 17. Nf1 Nxf1 18. Bxf1 Qe3+ 19. Qe2 Qxf4 20. Rd1
1/2-1/2

[Event "4th Budapest Open"]
[Site "Budapest, Hungary"]
[Date "2014.08.19"]
[Round "4.15"]
[White "Antal, Attila Dr"]
[Black "Yip, Michael"]
[Result "1/2-1/2"]
[WhiteElo "2048"]
[BlackElo "1916"]
[PlyCount "133"]
[EventDate "2014.??.??"]

1. e4 d6 2. d4 Nf6 3. Nc3 e5 4. dxe5 dxe5 5. Qxd8+ Kxd8 6. f4 Bb4 7. Bd3 Nbd7
8. Nf3 c6 9. fxe5 Ng4 10. Bg5+ Ke8 11. Bf4 Bxc3+ 12. bxc3 Nc5 13. h3 Nh6 14. g4
Ng8 15. Nd4 g6 16. O-O-O h5 17. g5 Ne7 18. Rde1 Ne6 19. Be3 b5 20. Nb3 Bd7 21.
Nc5 Nxc5 22. Bxc5 Be6 23. a3 Nc8 24. a4 a6 25. a5 Rb8 26. Be2 Rb7 27. Rd1 Rd7
28. Rd4 Kd8 29. h4 Kc7 30. Rhd1 Rhd8 31. Kb2 Bh3 32. Kb3 Be6+ 33. Kb4 Bh3 34.
Rxd7+ Bxd7 35. Bd6+ Kb7 36. c4 Be6 37. cxb5 cxb5 38. Bc5 Re8 39. Kc3 Ne7 40.
Bxe7 Rxe7 41. Rd6 Rc7+ 42. Kd2 Rc5 43. c3 Rxe5 44. Bf3 Bc8 45. Kd3 Kc7 46. Rf6
Re7 47. Kd4 Be6 48. e5 Rd7+ 49. Ke3 Kb8 50. Be4 Re7 51. Rf2 Rc7 52. Rc2 Rc4 53.
Rc1 Ra4 54. Rd1 Rxa5 55. Rd6 Ra3 56. Bxg6 Rxc3+ 57. Kd2 Rc5 58. Rxa6 Rxe5 59.
Bxh5 Kb7 60. Ra1 Kb6 61. Rf1 Re4 62. Rf6 Kc5 63. Bxf7 Bxf7 64. Rxf7 Rxh4 65. g6
Rg4 66. g7 Kb6 67. Kc3 1/2-1/2

[Event "4th Budapest Open"]
[Site "Budapest, Hungary"]
[Date "2014.08.19"]
[Round "4.16"]
[White "Gorog, Almos"]
[Black "Takacs, Kevin"]
[Result "0-1"]
[WhiteElo "1627"]
[BlackElo "2001"]
[PlyCount "64"]
[EventDate "2014.??.??"]

1. Nf3 Nf6 2. g3 g6 3. Bg2 Bg7 4. c4 d6 5. O-O O-O 6. Nc3 e5 7. d3 c6 8. c5 Re8
9. cxd6 Qxd6 10. Nd2 Be6 11. Nde4 Qc7 12. Be3 Nbd7 13. Ng5 Bf5 14. Rc1 Ng4 15.
Nb5 Qb8 16. Bxa7 Rxa7 17. Nxa7 Qxa7 18. e4 Bh6 19. exf5 Nxf2 20. Rxf2 Bxg5 21.
fxg6 hxg6 22. Qf3 f5 23. Re1 Qxa2 24. h4 Bd8 25. Kh1 Qf7 26. h5 Qh7 27. Bh3 Nf6
28. Rh2 Qxh5 29. Qxh5 Nxh5 30. g4 Ng3+ 31. Kg1 f4 32. Bg2 Bb6+ 0-1

[Event "4th Budapest Open"]
[Site "Budapest, Hungary"]
[Date "2014.08.19"]
[Round "4.17"]
[White "Grigoryan, Meri"]
[Black "Szurkos, Andras"]
[Result "1-0"]
[WhiteElo "1996"]
[BlackElo "1775"]
[PlyCount "45"]
[EventDate "2014.??.??"]

1. d4 d5 2. Bf4 Nc6 3. e3 Nf6 4. Nd2 e6 5. h3 Bd6 6. Bxd6 Qxd6 7. Ngf3 e5 8.
Bb5 Bd7 9. Bxc6 Qxc6 10. Nxe5 Qe6 11. c4 O-O 12. O-O c5 13. cxd5 Nxd5 14. Nxd7
Qxd7 15. dxc5 Qb5 16. Qb3 Qxc5 17. Ne4 Qc6 18. Rac1 Qe6 19. Nc5 Qd6 20. Rfd1
Rfd8 21. Nxb7 Qe5 22. Nxd8 Rxd8 23. Rxd5 1-0

[Event "4th Budapest Open"]
[Site "Budapest, Hungary"]
[Date "2014.08.19"]
[Round "4.18"]
[White "Kovacs, Judit"]
[Black "Kalmar, Karoly"]
[Result "1/2-1/2"]
[WhiteElo "1729"]
[BlackElo "1942"]
[PlyCount "54"]
[EventDate "2014.??.??"]

1. d4 d5 2. c4 e6 3. Nc3 Be7 4. Nf3 Nf6 5. cxd5 exd5 6. Bf4 c6 7. e3 Bf5 8. Bd3
Bxd3 9. Qxd3 O-O 10. O-O Re8 11. h3 Nbd7 12. a3 Nf8 13. b4 Bd6 14. Bxd6 Qxd6
15. b5 c5 16. dxc5 Qxc5 17. a4 Ne6 18. Rfd1 Red8 19. Rac1 Qb4 20. Nd4 Nc5 21.
Qc2 Rac8 22. Qa2 Ne6 23. Nxd5 Rxc1 24. Nxf6+ gxf6 25. Rxc1 Nxd4 26. exd4 Qxd4
27. Qc4 Qxc4 1/2-1/2

[Event "4th Budapest Open"]
[Site "Budapest, Hungary"]
[Date "2014.08.19"]
[Round "4.19"]
[White "Kokeny, Norbert Adrian"]
[Black "Dal Bianco, Nicola"]
[Result "1-0"]
[WhiteElo "1916"]
[BlackElo "1633"]
[PlyCount "113"]
[EventDate "2014.??.??"]

1. d4 f5 2. Nf3 g6 3. g3 Nf6 4. Bg2 Bg7 5. c4 O-O 6. Nc3 d6 7. O-O Nc6 8. d5
Na5 9. Nd2 b6 10. Rb1 Nb7 11. b4 a5 12. a3 Ng4 13. Bb2 f4 14. Nce4 Bh6 15. Nf3
Bg7 16. Bxg7 Kxg7 17. Qd4+ Kg8 18. Rfc1 axb4 19. axb4 Bf5 20. gxf4 Ra2 21. Re1
Qa8 22. Rb3 Qa6 23. Nfg5 Nd8 24. Nxh7 Rf7 25. Nhg5 Rg7 26. Nc3 Ra3 27. Rb2 Nh6
28. e4 Bd7 29. Bf1 Qa8 30. Reb1 b5 31. cxb5 Ndf7 32. Nxf7 Nxf7 33. f3 Qc8 34.
Rg2 Bh3 35. Rg3 Bd7 36. f5 g5 37. f4 g4 38. h3 Qf8 39. hxg4 Rh7 40. g5 Rh4 41.
f6 e5 42. dxe6 Bxe6 43. g6 Qh6 44. gxf7+ Kxf7 45. Bg2 Qxf4 46. Ne2 Qxg3 47.
Nxg3 Rxg3 48. Kf2 Rg6 49. Rg1 Rh2 50. Kf1 Rhxg2 51. Rxg2 Bh3 52. Qc4+ Kf8 53.
Qxc7 Rxg2 54. Qd8+ Kf7 55. Qe7+ Kg8 56. f7+ Kh8 57. f8=Q+ 1-0

[Event "4th Budapest Open"]
[Site "Budapest, Hungary"]
[Date "2014.08.19"]
[Round "4.20"]
[White "Szecsi, Pal"]
[Black "Kovacsy, Barnabas"]
[Result "1/2-1/2"]
[WhiteElo "1882"]
[BlackElo "1622"]
[PlyCount "75"]
[EventDate "2014.??.??"]

1. e4 c5 2. f4 d5 3. exd5 Nf6 4. Nc3 a6 5. d4 Nxd5 6. Nxd5 Qxd5 7. Nf3 Bg4 8.
Be2 cxd4 9. O-O e6 10. h3 Bxf3 11. Bxf3 Qd7 12. Be4 Nc6 13. Kh1 g6 14. Qe2 Bg7
15. f5 O-O 16. f6 Bh8 17. g4 Rac8 18. g5 e5 19. Rf3 Nd8 20. Rg3 Ne6 21. Bf3 Qc7
22. Be4 Nc5 23. c3 d3 24. Qg2 Qd6 25. Be3 Bxf6 26. Bxc5 Rxc5 27. gxf6 Qxf6 28.
Rxd3 b6 29. Rad1 Qh4 30. Rd7 Rc4 31. Bd5 Rf4 32. Rf1 Qf6 33. Rxf4 Qxf4 34. Bb3
Qe3 35. Bd5 Qc1+ 36. Kh2 Qf4+ 37. Kg1 Qc1+ 38. Kh2 1/2-1/2

[Event "4th Budapest Open"]
[Site "Budapest, Hungary"]
[Date "2014.08.19"]
[Round "4.21"]
[White "Bellan, Istvan"]
[Black "Lakat, Gyula"]
[Result "1-0"]
[WhiteElo "1884"]
[BlackElo "1756"]
[PlyCount "113"]
[EventDate "2014.??.??"]

1. e4 c5 2. Nf3 Nc6 3. d4 cxd4 4. Nxd4 Nf6 5. Nc3 e5 6. Ndb5 d6 7. Bg5 a6 8.
Na3 b5 9. Bxf6 gxf6 10. Nd5 Bg7 11. Qh5 Be6 12. Bd3 Ne7 13. Nxe7 Qxe7 14. O-O
Rc8 15. c3 O-O 16. Nc2 Bc4 17. Rfd1 Rfd8 18. Ne3 Be6 19. Nd5 Bxd5 20. exd5 e4
21. Re1 Qe5 22. Qxe5 fxe5 23. Bxe4 Rc4 24. f3 Bh6 25. Kf2 Rf8 26. g4 Bg5 27.
Ke2 Kg7 28. h4 Bf4 29. Kd3 Rfc8 30. a3 a5 31. Re2 b4 32. axb4 axb4 33. Rc2 bxc3
34. Rxc3 Rd4+ 35. Ke2 Rd2+ 36. Ke1 Rb8 37. Ra2 Rdxb2 38. Rxb2 Rxb2 39. Kf1 Bd2
40. Rc6 Bb4 41. h5 Bc5 42. g5 h6 43. g6 Rb7 44. Kg2 Kf6 45. Rc8 fxg6 46. hxg6
Kg7 47. Kg3 Re7 48. Kg4 Ba3 49. Kh5 Bb4 50. Bf5 e4 51. fxe4 Bd2 52. Be6 Kf6 53.
Rf8+ Kg7 54. Rg8+ Kf6 55. Rh8 Ke5 56. Rh7 Re8 57. g7 1-0

[Event "4th Budapest Open"]
[Site "Budapest, Hungary"]
[Date "2014.08.19"]
[Round "4.22"]
[White "Rzin, Mehdi"]
[Black "Rajcsanyi, Peter"]
[Result "0-1"]
[WhiteElo "1757"]
[BlackElo "1860"]
[PlyCount "134"]
[EventDate "2014.??.??"]

1. e4 c5 2. Nf3 d6 3. Bb5+ Nd7 4. O-O a6 5. Be2 Ngf6 6. d3 g6 7. c3 Bg7 8. Be3
Qb6 9. Qc1 O-O 10. h3 Qa5 11. Nfd2 b5 12. f4 Qc7 13. a4 Bb7 14. a5 Rac8 15. Nf3
Nh5 16. Kh2 Nhf6 17. Nbd2 c4 18. dxc4 bxc4 19. e5 dxe5 20. Nxc4 Bxf3 21. Rxf3
e4 22. Rf1 Nd5 23. Bd2 Nc5 24. Nb6 Nxb6 25. axb6 Qxb6 26. Be3 a5 27. Qb1 Qc7
28. Bxc5 Qxc5 29. Qxe4 Rb8 30. Rab1 Ra8 31. Qa4 Bh6 32. Bf3 Rab8 33. Rfe1 Qc7
34. g3 Qc5 35. Bg2 Bg7 36. Red1 e6 37. Re1 Rb6 38. Re4 Rfb8 39. Rc4 Qb5 40.
Qxb5 Rxb5 41. b4 R5b6 42. Bc6 axb4 43. cxb4 h5 44. b5 e5 45. fxe5 Bxe5 46. Ra4
Rxc6 47. bxc6 Rxb1 48. Rc4 Rb2+ 49. Kg1 Bc7 50. g4 hxg4 51. hxg4 g5 52. Kf1 Kg7
53. Rc5 f6 54. Rd5 Kg6 55. Rd7 Ba5 56. c7 Rc2 57. Re7 Bxc7 58. Ke1 Be5 59. Re8
Rg2 60. Rg8+ Kf7 61. Kf1 Rxg4 62. Ra8 Rg3 63. Ra5 Rb3 64. Kg2 Kg6 65. Ra8 g4
66. Rg8+ Kf5 67. Rg7 Rb2+ 0-1

[Event "4th Budapest Open"]
[Site "Budapest, Hungary"]
[Date "2014.08.19"]
[Round "4.23"]
[White "Szecsi, Peter"]
[Black "Csermely, Zoltan"]
[Result "1-0"]
[WhiteElo "1858"]
[BlackElo "1656"]
[PlyCount "131"]
[EventDate "2014.??.??"]

1. e4 Nc6 2. d4 d5 3. e5 a6 4. Nf3 Bf5 5. c3 b5 6. Bd3 Qd7 7. h3 g6 8. g4 Be4
9. Bxe4 dxe4 10. Ng5 Qd5 11. Qb3 e6 12. Qxd5 exd5 13. e6 fxe6 14. Nxe6 Kd7 15.
Nxf8+ Rxf8 16. Be3 h5 17. Rg1 hxg4 18. hxg4 a5 19. Nd2 Rh3 20. Nb3 a4 21. Nc5+
Kd6 22. b4 Nge7 23. Ke2 Nc8 24. Rh1 Rhf3 25. Rh6 N6e7 26. Rah1 Nb6 27. Rh8 Nc4
28. Rxf8 Rxf8 29. Bg5 Rf7 30. Rh8 Nb6 31. Rd8+ Kc6 32. Bxe7 Rxe7 33. Rg8 Nc4
34. Rxg6+ Nd6 35. Ne6 Kd7 36. Nf4 c6 37. Nh5 Ne8 38. Nf6+ Nxf6 39. Rxf6 Rg7 40.
f3 exf3+ 41. Kxf3 Rh7 42. Kg3 Re7 43. g5 Re3+ 44. Rf3 Re2 45. Rf2 Re3+ 46. Kh4
Rxc3 47. g6 Rc1 48. Kg5 Ke7 49. Kh6 Rh1+ 50. Kg7 Rh4 51. Rf7+ Ke6 52. Kg8 Rxd4
53. g7 Rg4 54. Kf8 d4 55. g8=Q Rxg8+ 56. Kxg8 Kd5 57. Rd7+ Kc4 58. Kf7 Kxb4 59.
Rxd4+ Ka3 60. Rd2 c5 61. Ke6 c4 62. Kd5 c3 63. Rc2 b4 64. Kc4 b3 65. axb3 axb3
66. Rxc3 1-0

[Event "4th Budapest Open"]
[Site "Budapest, Hungary"]
[Date "2014.08.19"]
[Round "4.24"]
[White "Tapp, Ashley"]
[Black "Horvath, Csaba"]
[Result "1/2-1/2"]
[WhiteElo "1646"]
[BlackElo "1839"]
[PlyCount "47"]
[EventDate "2014.??.??"]

1. d4 Nf6 2. Nf3 c5 3. d5 e6 4. c4 exd5 5. cxd5 d6 6. Nc3 g6 7. e4 Bg7 8. Bd3
O-O 9. O-O Na6 10. Bxa6 bxa6 11. Nd2 Ng4 12. Qe2 Ne5 13. f4 Bg4 14. Qxa6 Bc8
15. Qb5 Bd7 16. Qe2 Bg4 17. Qe3 Nc4 18. Nxc4 Bd4 19. Qxd4 cxd4 20. Nb5 Be2 21.
Nbxd6 Qc7 22. b3 Bxf1 23. Kxf1 Rad8 24. Ba3 1/2-1/2